Pokémon Ranger : Navigateur - Statistiques

Statistiques générales
  • Ce quiz a été pris 23 fois
  • Le résultat moyen est 154 sur 213
Statistiques - réponses
Hint Réponse % Correct
R-001 Bulbizarre
100%
R-077 Carabaffe
100%
R-076 Carapuce
100%
R-142 Dracaufeu
100%
R-003 Florizarre
100%
R-002 Herbizarre
100%
R-023 Pikachu
100%
R-141 Reptincel
100%
R-140 Salamèche
100%
R-078 Tortank
100%
R-029 Abra
94%
R-009 Méganium
94%
R-022 Pichu
94%
R-015 Poussifeu
94%
R-024 Raichu
94%
R-075 Aligatueur
88%
R-017 Braségali
88%
R-020 Feurisson
88%
R-016 Galifeu
88%
R-007 Germignon
88%
R-011 Gobou
88%
R-019 Héricendre
88%
R-105 Ronflex
88%
R-183 Aquali
82%
R-145 Arcanin
82%
R-129 Arcko
82%
R-144 Caninos
82%
R-212 Celebi
82%
R-046 Cornèbre
82%
R-074 Crocrodil
82%
R-038 Dracolosse
82%
R-188 Elektek
82%
R-202 Entei
82%
R-012 Flobio
82%
R-065 Gravalanch
82%
R-066 Grolem
82%
R-108 Hypocéan
82%
R-109 Hyporoi
82%
R-107 Hypotrempe
82%
R-131 Jungko
82%
R-073 Kaiminus
82%
R-125 Léviator
82%
R-080 Machoc
82%
R-081 Machopeur
82%
R-082 Mackogneur
82%
R-008 Macronium
82%
R-124 Magicarpe
82%
R-137 Magmar
82%
R-130 Massko
82%
R-213 Mew
82%
R-099 Miaouss
82%
R-036 Nirondelle
82%
R-184 Pyroli
82%
R-064 Racaillou
82%
R-204 Raikou
82%
R-098 Skitty
82%
R-089 Smogo
82%
R-112 Stari
82%
R-113 Staross
82%
R-203 Suicune
82%
R-021 Typhlosion
82%
R-185 Voltali
82%
R-151 Abo
76%
R-152 Arbok
76%
R-123 Bekipan
76%
R-005 Boustiflor
76%
R-004 Chétiflor
76%
R-044 Cizayox
76%
R-096 Ectoplasma
76%
R-006 Empiflor
76%
R-094 Fantominus
76%
R-122 Goélise
76%
R-088 Grotadmorv
76%
R-209 Groudon
76%
R-037 Hélédelle
76%
R-043 Insécateur
76%
R-208 Kyogre
76%
R-013 Laggron
76%
R-168 Lippoutou
76%
R-106 Lokhlass
76%
R-056 Magnéti
76%
R-057 Magnéton
76%
R-186 Mentali
76%
R-164 Monaflèmit
76%
R-126 Mystherbe
76%
R-068 Négapi
76%
R-187 Noctali
76%
R-127 Ortide
76%
R-110 Poissirène
76%
R-111 Poissoroy
76%
R-067 Posipi
76%
R-052 Ptitard
76%
R-128 Rafflesia
76%
R-040 Rapasdepic
76%
R-100 Rondoudou
76%
R-095 Spectrum
76%
R-087 Tadmorv
76%
R-054 Tartard
76%
R-049 Tauros
76%
R-045 Airmure
71%
R-197 Altaria
71%
R-117 Carvanha
71%
R-156 Charmillon
71%
R-154 Chenipotte
71%
R-150 Colossinge
71%
R-025 Dardargnan
71%
R-211 Deoxys
71%
R-042 Dodrio
71%
R-041 Doduo
71%
R-146 Dynavolt
71%
R-147 Elecsprint
71%
R-193 Embrylex
71%
R-149 Férosinge
71%
R-028 Gardevoir
71%
R-084 Hariyama
71%
R-027 Kirlia
71%
R-048 Linéon
71%
R-083 Makuhita
71%
R-153 Mimitoss
71%
R-059 Nosferalto
71%
R-058 Nosferapti
71%
R-162 Parecool
71%
R-39 Piafabec
71%
R-181 Pifeuil
71%
R-198 Ptéra
71%
R-101 Rattata
71%
R-102 Rattatac
71%
R-210 Rayquaza
71%
R-206 Regice
71%
R-205 Regirock
71%
R-207 Registeel
71%
R-118 Sharpedo
71%
R-179 Steelix
71%
R-055 Tarpaud
71%
R-026 Tarsal
71%
R-061 Taupiqueur
71%
R-182 Tengalice
71%
R-053 Têtarte
71%
R-062 Triopikeur
71%
R-196 Tylton
71%
R-195 Tyranocif
71%
R-163 Vigoroth
71%
R-079 Voltorbe
71%
R-194 Ymphect
71%
R-047 Zigzaton
71%
R-155 Armulys
65%
R-116 Démanta
65%
R-165 Draby
65%
R-166 Drackhaus
65%
R-167 Drattak
65%
R-180 Grainipiot
65%
R-201 Kangourex
65%
R-133 Lombre
65%
R-134 Ludicolo
65%
R-192 Métalosse
65%
R-191 Métang
65%
R-092 M. Mime
65%
R-132 Nénupiot
65%
R-060 Nostenfer
65%
R-103 Porygon
65%
R-121 Psykokwak
65%
R-114 Rémoraid
65%
R-063 Rhinoféros
65%
R-093 Scarabrute
65%
R-190 Terhal
65%
R-119 Wailmer
65%
R-200 Absol
59%
R-178 Brouhabam
59%
R-086 Charmina
59%
R-143 Chartor
59%
R-176 Chuchmur
59%
R-173 Cochignon
59%
R-161 Démolosse
59%
R-035 Donphan
59%
R-010 Granivol
59%
R-070 Krabby
59%
R-159 Libégon
59%
R-138 Limagma
59%
R-172 Marcacrin
59%
R-085 Méditikka
59%
R-158 Migalos
59%
R-033 Munja
59%
R-031 Ningale
59%
R-032 Ninjask
59%
R-115 Octillery
59%
R-175 Oniglali
59%
R-050 Paras
59%
R-051 Parasect
59%
R-034 Phanpy
59%
R-170 Qulbutoké
59%
R-177 Ramboum
59%
R-014 Ramoloss
59%
R-069 Saquedeneu
59%
R-169 Solaroc
59%
R-174 Stalgamin
59%
R-139 Volcaropod
59%
R-136 Camérupt
53%
R-135 Chamallot
53%
R-072 Colhomard
53%
R-071 Ecrapince
53%
R-199 Farfuret
53%
R-018 Galopa
53%
R-091 Hypnomade
53%
R-157 Mimigal
53%
R-148 Scarhino
53%
R-090 Soporifik
53%
R-171 Téraclope
53%
R-120 Lovdisc
47%
R-160 Scorplane
47%
R-030 Spoink
47%
R-189 Avaltout
41%
R-104 Kecleon
41%
R-097 Snubbull
41%
Aucun quiz correspondant
Distribution des résultats
% des personnes avec chaque résultat
Percentile par nombre de réponses
Votre historique - résultats
Vous n’avez pas pris ce quiz